00528nam a2200157 a 4500001001000000003000900010005001700019007000300036008004100039040002500080082001900105100003500124245009900159260009200258300002000350000048008DO-SdBNP20230208104116.0ta181012s1995 dr r 000 0 spa d aDO-SdBNPbspacBNPHU 4bC196h222axxx1 aCampillo Pérez, Julio Genaro10aHomenaje al primer Santiago de América en su V centenario. /cJulio Genaro Campillo Pérez. aSantiago de los Caballeros, República Dominicana :bLiga Municipal Dominicana,c1995. a62 p. ;c20 cm.